ARRUPE JESUIT UNIVERSITY

CORONAVIRUS -STOP THE SPREAD - CLEAN,DISINFECT,COVER

By man shall his blood be shed : (Record no. 127597)

MARC details
000 -LEADER
fixed length control field 00931cam a22002535i 4500
001 - CONTROL NUMBER
control field 18994461
003 - CONTROL NUMBER IDENTIFIER
control field ARRUPE
005 - DATE AND TIME OF LATEST TRANSACTION
control field 20180314091818.0
008 - FIXED-LENGTH DATA ELEMENTS--GENERAL INFORMATION
fixed length control field 160225s2017 cau 000 0 eng
010 ## - LIBRARY OF CONGRESS CONTROL NUMBER
LC control number 2016934525
020 ## - INTERNATIONAL STANDARD BOOK NUMBER
International Standard Book Number 9781621641261 (alk. paper)
040 ## - CATALOGING SOURCE
Original cataloging agency DLC
Language of cataloging eng
Description conventions rda
Transcribing agency DLC
042 ## - AUTHENTICATION CODE
Authentication code pcc
050 ## - LIBRARY OF CONGRESS CALL NUMBER
Classification number HV8694
Item number .F413
300 ## - PHYSICAL DESCRIPTION
Dimensions 23cm.
100 1# - MAIN ENTRY--PERSONAL NAME
Personal name Feser, Edward.
9 (RLIN) 40494
245 10 - TITLE STATEMENT
Title By man shall his blood be shed :
Remainder of title a catholic defense of capital punishment /
Statement of responsibility, etc Edward Feser and Joseph M. Bessette.
260 ## - PUBLICATION, DISTRIBUTION, ETC. (IMPRINT)
Place of publication, distribution, etc San Francisco
Name of publisher, distributor, etc Ignatius Press
Date of publication, distribution, etc 2017
263 ## - PROJECTED PUBLICATION DATE
Projected publication date 1703
300 ## - PHYSICAL DESCRIPTION
Extent 420p. ;
650 ## - SUBJECT ADDED ENTRY--TOPICAL TERM
Topical term or geographic name as entry element Capital punishment
9 (RLIN) 27233
650 ## - SUBJECT ADDED ENTRY--TOPICAL TERM
Topical term or geographic name as entry element Catholic Church
General subdivision Doctrines
9 (RLIN) 4786
700 ## - ADDED ENTRY--PERSONAL NAME
Personal name Bessette, Joseph M
9 (RLIN) 40549
906 ## - LOCAL DATA ELEMENT F, LDF (RLIN)
a 0
b ibc
c orignew
d 2
e epcn
f 20
g y-gencatlg
942 ## - ADDED ENTRY ELEMENTS (KOHA)
Source of classification or shelving scheme Library of Congress Classification
Koha item type Monograph ( Printed materials)
Holdings
Withdrawn status Lost status Source of classification or shelving scheme Damaged status Not for loan Collection code Home library Current library Shelving location Date acquired Total Checkouts Full call number Barcode Date last seen Date checked out Price effective from Koha item type
    Library of Congress Classification     Main Collection ARRUPE LIBRARY ARRUPE LIBRARY Main Collection 13/03/2018 12 HV8694 .F413 46600001090 12/03/2024 05/12/2023 13/03/2018 Monograph ( Printed materials)

 

Arrupe Library. PO Box MP320 Mt Pleasant, Harare, Zimbabwe
263 242 745411|librarian@aju.ac.zw